| 000 | 01285nam a2200253Ia 4500 | ||
|---|---|---|---|
| 001 | 10603 | ||
| 003 | GE_BSU | ||
| 008 | 181216s||||||||xx |||||||||||||| ||und|| | ||
| 020 | _a9789941932229 | ||
| 040 | _cGE_BSU | ||
| 080 | _a340.6+343.132 | ||
| 100 | _aლომსაძე,მალხაზ | ||
| 245 | _aექსპერტიზის დანიშვნის საფუძველი,სახეები და ექსპერტის წინაშე დასასმელი კითხვები გამოძიების პროცესში | ||
| 250 | _aმე–3 შესწორებული და გადამუშ.გამოც. | ||
| 260 | _aთბილისი | ||
| 260 | _bბონა კაუზა | ||
| 260 | _c2013 | ||
| 300 | _a172გვ;20სმ. | ||
| 300 | _bბიბლიოგრ.გვ:165–167 | ||
| 520 | _aიურისტის ბიბლიოთეკა | ||
| 541 | _h9ლ. | ||
| 653 | _aექსპერტიზის დანიშვნის საფუძველი,სახეები და ექსპერტის წინაშე დასასმელი კითხვები გამოძიების პროცესში | ||
| 942 | _cBK | ||
| 999 |
_c43855 _d43855 |
||